[Event "Berlin-ch"]
[Site "Berlin"]
[Date "1994.05.27"]
[Round "5"]
[White "Minski, Martin"]
[Black "Berger, Gerd Helmar"]
[Result "1/2-1/2"]
[WhiteElo "1972"]
[BlackElo "2078"]
[PlyCount "104"]
[EventDate "1994.04.22"]
[EventType "swiss"]
[EventRounds "9"]
[EventCountry "GER"]
[SourceTitle "EXT 2007"]
[Source "ChessBase"]
[SourceDate "2006.11.23"]
[SourceVersion "1"]
[SourceVersionDate "2006.11.23"]
[SourceQuality "1"]

1. e4 b6 2. d4 Bb7 3. c4 e6 4. d5 Bb4+ 5. Bd2 Qe7 6. Bxb4 Qxb4+ 7. Qd2 a5 8. Nc3 Na6 9. Nf3 Nh6 10. Be2 0-0 11. 0-0 Qe7 12. d6 cxd6 13. Rfd1 Nc5 14. Qxd6 Qxd6 15. Rxd6 Bc6 16. Ne5 Nxe4 17. Nxe4 Bxe4 18. Nxd7 Nf5 19. Rxb6 Rfd8 20. Rd1 Bc2 21. Rd2 Ba4 22. g4 Rxd7 23. Rxd7 Bxd7 24. gxf5 exf5 25. c5 Kf8 26. c6 Be6 27. Ba6 Bc8 28. Bxc8 Rxc8 29. Ra6 g6 30. a4 Ke7 31. Kg2 Kd6 32. Rxa5 Rxc6 33. b4 Rc3 34. Ra6+ Kd5 35. b5 Rb3 36. b6 h5 37. a5 Kc6 38. Ra7 h4 39. h3 f6 40. Ra8 f4 41. Rc8+ Kb7 42. Rc7+ Kb8 43. Rc6 f3+ 44. Kh2 Ra3 45. Rxf6 Rxa5 46. Rxf3 Kb7 47. Rf7+ Kb8 48. Rh7 Rf5 49. Kg2 Rf4 50. Rg7 Rf5 51. Kf1 Rb5 52. Kg1 Rf5 1/2-1/2

[Event "Berlin-ch"]
[Site "Berlin"]
[Date "1994.05.06"]
[Round "3"]
[White "Minski, Martin"]
[Black "Keskowski, Thilo"]
[Result "1/2-1/2"]
[WhiteElo "1972"]
[BlackElo "2074"]
[PlyCount "93"]
[EventDate "1994.04.22"]
[EventType "swiss"]
[EventRounds "9"]
[EventCountry "GER"]
[SourceTitle "EXT 2007"]
[Source "ChessBase"]
[SourceDate "2006.11.23"]
[SourceVersion "1"]
[SourceVersionDate "2006.11.23"]
[SourceQuality "1"]

1. e4 e5 2. d4 exd4 3. c3 Qe7 4. Qe2 d3 5. Qxd3 Nf6 6. Bf4 Nxe4 7. Be2 Nc6 8. Nf3 Nc5 9. Qc2 d6 10. 0-0 Qf6 11. Bg5 Qg6 12. Qc1 Be7 13. Bxe7 Nxe7 14. Re1 0-0 15. b4 Ne6 16. c4 Qf6 17. Nc3 Ng6 18. Nd5 Qd8 19. a4 a5 20. b5 b6 21. Ra3 Bb7 22. Qc2 Qd7 23. h4 Bxd5 24. cxd5 Nc5 25. h5 Nf4 26. Ng5 Nxe2+ 27. Rxe2 g6 28. hxg6 hxg6 29. Qc4 f6 30. Ne6 Nxe6 31. dxe6 Qe7 32. Rh3 Kg7 33. Qe4 Rae8 34. Qf4 Rh8 35. Rg3 Rh5 36. Qe4 f5 37. Qe3 Qf6 38. Qc3 Re7 39. f4 Qxc3 40. Rxc3 Rh8 41. Rec2 Rc8 42. Rc6 Kf6 43. Rxb6 cxb6 44. Rxc8 Rxe6 45. Kf2 Ke7 46. Rc7+ Kd8 47. Rc6 1/2-1/2